00774nam a2200229 u 45000010006000000050017000060080041000230350010000640350021000740400013000950410008001080820008001161000046001242450074001702500023002442600061002673000019003286500040003479420009003879990017003969520131004137880420260504074331.0960313s1814 fre  a78804 a(OCoLC)778214351 ccomduadb afre 4a51510aGarnier, Jean Guillaume4auteaut926852010aAnalyse algebrique : faisant suite a la premiere section de l'algebre a2. ED. REV. Y AUM. aFrancia :bMme. V. Courcier, Imprimieur-Libraire,c1814. a668 P. : GRAF. 7aAnálisis matemático2lemb91080 cBOOK c36561d36561 001040708PAT. DOCUMaBCbBCd1998-05-19iC125209l0o515.1 G236ap61000002438402r2023-04-20 00:00:00t1w2023-04-20yBOOKI